Vplyv politiky dlhového stropu USA na svetovú ekonomiku

Dlhový strop a jeho mechanizmus. Platobná neschopnosť ekonomiky USA - jeseň 2013. Možné hrozby globálnej ekonomickej recesie.

Salvato in:
Dettagli Bibliografici
Autore principale: Kordoš, Marcel
Natura: Capitolo di libro
Lingua:slovacco
Soggetti:
Tags: Aggiungi Tag
Nessun Tag, puoi essere il primo ad aggiungerne!!

MARC

LEADER 00000naa a2200000 4500
001 0192522
005 20231211131813.0
041 0 |a slo 
044 |a SK 
245 1 0 |a Vplyv politiky dlhového stropu USA na svetovú ekonomiku  |c Marcel Kordoš 
520 |a Dlhový strop a jeho mechanizmus. Platobná neschopnosť ekonomiky USA - jeseň 2013. Možné hrozby globálnej ekonomickej recesie. 
610 2 0 |a vzťahy hospodárske medzinárodné 
610 2 0 |a politika finančná 
610 2 0 |a kríza hospodárska 
610 2 0 |a deficit rozpočtový 
610 2 0 |a USA 
610 2 0 |a hospodárstvo svetové 
100 1 |a Kordoš, Marcel